000
00311nam a22001337a 4500
008
171124b xxu||||| |||| 00| 0 eng d
020
_a
9780130927019
041
_a
eng
080
_2
2nd
_a
62
100
_a
27
101
_a
IM
245
_a
FOUNDATIONS OF ELECTRICAL ENGINEERING
_c
COGDELL,J.R
942
_2
udc
_c
BK
999
_c
38455
_d
38455